| 000 | 00556nam a2200193Ia 4500 | ||
|---|---|---|---|
| 005 | 20250822143410.0 | ||
| 008 | 008 250516s9999 xx 000 0 hin d | ||
| 020 | _a9789392240737 | ||
| 040 |
_beng _cSDCL |
||
| 041 |
_ahin _2hin |
||
| 084 | _aO15,1B1:g(Y:1) R3 | ||
| 100 |
_aAbhilasha _9535829 |
||
| 245 | 0 | _aRamayan Ki Sanskritik Virasat | |
| 246 | _aरामायण की सांस्कृतिक विरासत | ||
| 260 |
_aJaipur: _bYking Books, _c2023. |
||
| 300 | _axii,191p. | ||
| 650 | _aSanskrit | ||
| 942 |
_cTEXL _2CC |
||
| 999 |
_c1429590 _d1429590 |
||